| 000 -LEADER |
| fixed length control field |
01449cam a2200277 a 4500 |
| 003 - CONTROL NUMBER IDENTIFIER |
| control field |
OSt |
| 005 - DATE AND TIME OF LATEST TRANSACTION |
| control field |
20200317115800.0 |
| 008 - FIXED-LENGTH DATA ELEMENTS--GENERAL INFORMATION |
| fixed length control field |
100324s2011 enkab b 001 0 eng |
| 020 ## - INTERNATIONAL STANDARD BOOK NUMBER |
| International Standard Book Number |
9780415780841 (hardback) |
| 082 00 - DEWEY DECIMAL CLASSIFICATION NUMBER |
| Classification number |
711.4095487 |
| Edition number |
22 |
| Item number |
STA |
| 100 1# - MAIN ENTRY--PERSONAL NAME |
| Personal name |
Stallmeyer, John C. |
| 245 10 - TITLE STATEMENT |
| Title |
Building Bangalore : |
| Remainder of title |
architecture and urban transformation in India's Silicon Valley / |
| Statement of responsibility, etc |
John C. Stallmeyer. |
| 246 30 - VARYING FORM OF TITLE |
| Title proper/short title |
Architecture and urban transformation in India's Silicon Valley |
| 260 ## - PUBLICATION, DISTRIBUTION, ETC. (IMPRINT) |
| Place of publication, distribution, etc |
Abingdon, Oxon [England] ; |
| -- |
New York, NY : |
| Name of publisher, distributor, etc |
Routledge, |
| Date of publication, distribution, etc |
2011. |
| 300 ## - PHYSICAL DESCRIPTION |
| Extent |
xx, 137 p. : |
| Other physical details |
ill., maps ; |
| Dimensions |
23 cm. |
| 490 1# - SERIES STATEMENT |
| Series statement |
Routledge contemporary South Asia series ; |
| Volume number/sequential designation |
37 |
| 504 ## - BIBLIOGRAPHY, ETC. NOTE |
| Bibliography, etc |
Includes bibliographical references and index. |
| 505 0# - FORMATTED CONTENTS NOTE |
| Formatted contents note |
Processes and context. Informational production and city/urban space -- Bangalore : context and continuum -- Actually existing informational urbanisms. The image made manifest : electronics city -- Reoccupying the colonial core : the new CBD -- Domesticating ICT : Indiranagar and SP Road. |
| 650 #0 - SUBJECT ADDED ENTRY--TOPICAL TERM |
| Topical term or geographic name as entry element |
Architecture and globalization |
| Geographic subdivision |
India |
| -- |
Bangalore. |
| 650 #0 - SUBJECT ADDED ENTRY--TOPICAL TERM |
| Topical term or geographic name as entry element |
Architecture and society. |
| 650 #0 - SUBJECT ADDED ENTRY--TOPICAL TERM |
| Topical term or geographic name as entry element |
Architecture and society |
| Geographic subdivision |
India |
| -- |
Bangalore. |
| 650 #0 - SUBJECT ADDED ENTRY--TOPICAL TERM |
| Topical term or geographic name as entry element |
Cities and towns |
| General subdivision |
Effect of technological innovations on. |
| 650 #0 - SUBJECT ADDED ENTRY--TOPICAL TERM |
| Topical term or geographic name as entry element |
Cities and towns |
| General subdivision |
Effect of technological innovations on |
| Geographic subdivision |
India |
| -- |
Bangalore. |
| 830 #0 - SERIES ADDED ENTRY--UNIFORM TITLE |
| Uniform title |
Routledge contemporary South Asia series ; |
| Volume number/sequential designation |
37. |
| 942 ## - ADDED ENTRY ELEMENTS (KOHA) |
| Source of classification or shelving scheme |
|